000 00690nam a2200289Ia 4500
005 20260324120206.0
008 008 260324s9999 xx 000 0 eng d
020 _a9780429082276
037 _aEBOOK
040 _aCRL
040 _beng
040 _cCRL
041 _2eng
041 _aeng
084 _qCRL
100 _aGuangyu Gao; Chi Harold Liu
_91157596
245 0 _aVideo Cataloguing
245 0 _bStructure Parsing and Content Extraction
260 _bTaylor and Francis
260 _c2015
365 _a
365 _b210
856 _uhttp://www.taylorfrancis.com/books/9780429082276
942 _cEBOOK
999 _c1748987
_d1748987